000 00620nam a2200229Ia 4500
003 OSt
005 20221005092843.0
006 a|||||r|||| 00| 0
007 ta
008 221004b |||||||| |||| 00| 0 eng d
024 _a67948
037 _cTextual
040 _aCRL
_cCRL
_beng
041 _2eng
_aeng
082 _aXM.73g, M4
245 0 _aAnalyst's handbook
_b Composite corporate per share data by industries
260 _aNew York
_bStandard and Poor's Corporation.
_c1984
300 _a257p.
_ccm.
650 _aECONOMICS
942 _hXM.73g, M4
_cTEXL
_2cc
999 _c999465
_d999465